01875cam a2200277 a 450000100090000000300040000900500170001300800410003001000170007102000180008802000150010604000180012104200080013905000200014708200140016710000290018124500650021025000120027526000300028730000360031749000360035350000510038950511070044065000200154770000300156717110132OSt20170121111453.0120109s2013 maua b 001 0 eng  a 2011053398 a9780132911986 a0132911981 aDLCcDLCdDLC apcc00aHB172 .H83 201300a338.52231 aHubbard, R. Glenn.d201310aMicroeconomics /cR. Glenn Hubbard, Anthony Patrick O'Brien. a4th ed. aBoston :bPearson,c2013. axlvi, 612 p. :b ill. ;c28 cm.0 aThe Pearson series in economics aIncludes bibliographical references and index.0 aEconomics : foundations and models -- Trade-offs, comparative advantage, and the market system -- Where prices come from : the interaction of demand and supply -- Economic efficiency, government price setting, and taxes -- Markets in action : policy and applications -- Externalities, environmental policy, and public goods -- Elasticity : the responsiveness of demand and supply -- The economics of health care -- Firms in the domestic and international economies -- Firms, the stock market, and corporate governance -- Comparative advantage and the gains from international trade -- Consumer choice and behavioral economics -- Technology, production, and costs -- Market structure and firm strategy -- Firms in perfectly competitive markets -- Monopolistic competition : the competitive model in a more realistic setting -- Oligopoly : firms in less competitive markets -- Monopoly and antitrust policy -- Pricing strategy -- Labor markets, public choice, and the distribution of income -- The markets for labor and other factors of production -- Public choice, taxes, and the distribution of income. 0aMicroeconomics.1 aO'Brien, Anthony Patrick.